Contos de aprendiz (Record no. 157227)

MARC details
000 -LÍDER
campo de controle de tamanho fixo 00373 a2200145 4500
001 - NÚMERO DE CONTROLE
campo de controle 157227
020 ## - ISBN - INTERNATIONAL STANDARD BOOK NUMBER
ISBN - International Standard Book Number 9788580861846
040 ## - FONTE DA CATALOGAÇÃO
Instituição que transcreveu o registro Escola São Tomás de Aquino
100 ## - ENTRADA PRINCIPAL--NOME PESSOAL
Nome pessoal ANDRADE, Carlos Drummond de
240 10 - TÍTULO UNIFORME
Título uniforme Contos de aprendiz
Idioma da obra por
245 10 - TÍTULO
Título Contos de aprendiz
440 #1 - DECLARAÇÃO DE SÉRIE/ENTRADA ADICIONADA--TÍTULO
Título Companhia das Letras
697 ## - ENTRADA DE ASSUNTO LOCAL--ENTIDADE COLETIVA (RLIN)
Nome corporativo ou nome da jurisdição CRÔNICA, CONTO, NOVELA,CARTAS
942 ## - ELEMENTOS DE ENTRADA ADICIONADOS (KOHA)
Tipo de material Koha Livros
Holdings
Situação do descarte Situação das perdas Situação física Não pode ser emprestado Biblioteca de origem Biblioteca atual Data de aquisição Total de empréstimos Número de chamada completo Código de barras Data de último acesso Data do preço efetivo Tipo de material Koha
        ESTA - SÃO BENTO ESTA - SÃO BENTO 30/04/2024   B869.93 AND CON EST00011990 30/04/2024 30/04/2024 Livros